00922nam a2200217 a 4500003000200000005001700002008004100019050002600060100002400086245010600110260009000216300004000306504004100346650003900387650003500426650003200461650003900493942001400532999001700546952014100563020250307101801.0101013s19uu xx 00 eng d aPHS HC 441b.L46 2010 aLesaca, Ancheska S. aThe effects of the 1997 Asian financial crisis in the Philippines and Thailand /cAncheska S. Lesaca. aLas Piñas City, Philippines :bSouthville International School and Colleges,c2010. a26 pages :billustrations ;c30 cm. aIncludes bibliographical references. aFinancial criseszAsiay1997-1998. aFinancial criseszPhilippines. aFinancial crisesxThailand. aAsian financial crisis, 1997-1998. 2lcccPASS c98457d98457 00102lcc40aLUXbLUXcPASSd2010-10-13eDONATIONl1m2oPHS HC 441 .L46 2010pP2556r2017-12-06 00:00:00s2017-07-21w2014-04-08yPASS